000 00683nam a22002417a 4500
003 UA-OsUOA
001 67843
007 ta
008 20100317b un ||||| |||| 00| 0 ukr d
100 _aЧупрун В. Д.
090 _a347.13
_bЧ-92
942 _cBK
040 _aUA-OsUOA
_bukr
_cUA-OsUOA
_dUA-OsUOA
245 _aПідготовка цивільних справ до розгляду
_bЮридичний довідник
300 _a96 с.
955 _a2
041 _aukr
080 _a347.13
020 _a5-7707-6088-5
260 _aК.
_bСофія
_c1994
650 7 _a347 Цивільне право. Судовий устрій
_2UDC
999 _c353952
_d353952